01322cam a22003017a 45000010009000000050017000090080041000260100017000670200022000840350023001060420014001290430012001430500021001551000028001762450107002042600058003113000033003694900060004025000017004625000035004795040052005145050236005666500033008026500033008356500035008687100035009038300082009381446068520170201120333.0060720s2006 ilua b 000 0 eng d a 2006279570 a1932364250 (pbk.) a(OCoLC)ocm67711043 alccopycat an-us---00aNA9105 .E94 20061 aEvans-Cowley, Jennifer.10aMeeting the big box challenge :bplanning, design, and regulatory strategies /cJennifer Evans-Cowley. aChicago, IL :bAmerican Planning Association,c[2006] a69 p. :bcol. ill. ;c28 cm.1 aPlanning Advisory Service report,x0160-8266 ;vno. 537 aCover title. a"March 2006"--P. [2] of cover. aIncludes bibliographical references (p. 63-69).0 aWhat is a Big-box retail store? -- Planning issues created by the Big-box and its business practices -- Regulatory strategies -- What to do when the Big-box closes: "White elephant" ordinances and adaptive reuse -- Recommendations. 0aChain storeszUnited States. 0aRetail tradezUnited States. 0aStores, RetailzUnited States.2 aAmerican Planning Association. 0aReport (American Planning Association. Planning Advisory Service) ;vno. 537.